000 00695nam a2200253Ia 4500
003 OSt
005 20221006145147.0
006 a|||||r|||| 00| 0
007 ta
008 221006b |||||||| |||| 00| 0 eng d
020 _a0531053997
_cP3.90
024 _a13,972
037 _cTextual
040 _aEASL
_cEASL
_beng
041 _2eng
_aeng
082 _aV41:1973.N76, L8
100 _aETZOLD Thomas H Ed.
_9118054
245 0 _aAspects of Sino-American relations since 1784
260 _aNew York
_bNeqw Viewpoints
_c1978
300 _a174p.
_ccm.
490 _v CEL
942 _hV41:1973.N76, L8
_cTEXL
_2CC
999 _c1082058
_d1082058